000 00813nam a22002177a 4500
008 150109b xxu||||| |||| 00| 0 alb d
041 0 _aalb
080 _a531.19
_x(075.18)
100 1 _aJagxhiu, Fetah
245 1 0 _aPërmbledhje detyrash të zgjidhura nga mekanika I (statika) /
_cFetah Jagxhiu.
250 _aBotim i tretë
260 _aPrishtinë :
_bEnti i Teksteve dhe i Mjeteve Mësimore i Krahinës Socialiste Autonome të Kosovës,
_c1985.
300 _a353 f.:
_bme il. ;
_c24 cm.
500 _aParathënie : f. [5]-[6]
505 _aShtesë sistemi i njësive për madhësitë që përdorohen në mekanikë: f. 349-351
650 1 _aMekanika
_xProbleme, ushtrime etj.
650 1 _2Statika
710 2 _aUniversiteti i Kosovës në Prishtinë.
710 2 _aFakulteti Teknik.
942 _2udc
_cBK
999 _c534
_d534